Canada Cities by Population - Statistics

General Stats
  • This quiz has been taken 86 times
  • The average score is 34 of 120
Answer Stats
Hint Answer % Correct
Ontario Toronto
97%
Alberta Calgary
94%
Quebec Montreal
94%
Alberta Edmonton
90%
Ontario Ottawa
90%
B.C. Vancouver
84%
Ontario London
77%
Manitoba Winnipeg
77%
Nova Scotia Halifax
74%
Quebec Quebec
74%
New Brunswick Saint John
71%
Newfoundland and Labrador St. John's
71%
Saskatchewan Regina
68%
Ontario Hamilton
65%
Saskatchewan Saskatoon
65%
B.C. Victoria
65%
Ontario Mississauga
61%
Ontario Niagara Falls
58%
Ontario Windsor
58%
Ontario Kitchener
55%
Ontario Brampton
52%
Ontario Thunder Bay
48%
Quebec Trois-Rivieres
48%
P.E.I. Charlottetown
45%
New Brunswick Fredericton
45%
New Brunswick Moncton
45%
Ontario Sudbury
45%
Quebec Laval
42%
B.C. Surrey
42%
Ontario Kingston
39%
Quebec Sherbrooke
39%
Ontario Vaughan
39%
B.C. Abbotsford
35%
Ontario Barrie
35%
Ontario Guelph
35%
B.C. Kelowna
35%
Ontario Markham
35%
Ontario Oshawa
35%
Ontario Peterborough
35%
B.C. Richmond
35%
Ontario Cambridge
32%
Quebec Gatineau
32%
B.C. Kamloops
32%
Alberta Red Deer
32%
Ontario Waterloo
32%
B.C. Burnaby
29%
Alberta Fort McMurray
29%
Quebec Levis
29%
Alberta Medicine Hat
29%
B.C. Nanaimo
29%
Ontario Oakville
29%
B.C. Coquitlam
26%
Quebec Longueuil
26%
Ontario North Bay
26%
Ontario Sarnia
26%
Ontario Sault Ste. Marie
26%
Nova Scotia Sydney
26%
Ontario Ajax
23%
Ontario Burlington
23%
Ontario Cornwall
23%
B.C. North Vancouver
23%
Ontario Richmond Hill
23%
Quebec Drummondville
19%
Alberta Lethbridge
19%
Ontario Pickering
19%
B.C. Prince George
19%
Ontario Scarborough
19%
Ontario St. Catharines
19%
Ontario Brantford
16%
Ontario Chatham
16%
B.C. Chilliwack
16%
B.C. Delta
16%
Ontario North York
16%
Quebec Saguenay
16%
Quebec Terrebonne
16%
Ontario Belleville
13%
Alberta Grande Prairie
13%
Ontario Milton
13%
Ontario Newmarket
13%
B.C. New Westminster
13%
B.C. West Vancouver
13%
B.C. White Rock
13%
Nova Scotia Dartmouth
10%
Ontario Etobicoke
10%
B.C. Penticton
10%
Quebec Rimouski
10%
Alberta St. Albert
10%
Ontario St. Thomas
10%
Ontario Timmins
10%
Ontario East York
6%
Quebec Granby
6%
B.C. Maple Ridge
6%
Quebec Saint-Jerome
6%
Quebec Shawinigan
6%
B.C. Vernon
6%
Ontario Welland
6%
Quebec Blainville
3%
Quebec Brossard
3%
Quebec Chateauguay
3%
Quebec Dollard-Des Ormeaux
3%
Quebec La Haute-Saint-Charles
3%
Ontario Nepean
3%
Ontario Quinte West
3%
Quebec Repentigny
3%
Quebec Saint-Eustache
3%
Quebec Saint-Hyacinthe
3%
Quebec Saint-Laurent
3%
Quebec Saint-Leonard
3%
B.C. West End
3%
B.C. Anmore
0%
Quebec Boucherville
0%
Quebec Jonquiere
0%
B.C. Ladner
0%
Ontario Norfolk County
0%
Quebec Notre-Dame-de-Grace
0%
B.C. Okanagan
0%
Quebec Saint-Jean-sur-Richelieu
0%
Quebec Salaberry-de-Valleyfield
0%
Alberta Sherwood Park
0%
Ontario Willowdale
0%
No matching quizzes found
Score Distribution
Percent of People with Each Score
Percentile by Number Answered
Your Score History
You have not taken this quiz